00384 2200157 4500245004500000020002200045250000900067100001900076650001600095005001900111260004200130041001400172084000800186300002300194336000900217 aFirst Love DilemmacPricillia A. WhText a978-979-22-6528-6 a2011 aPricillia A. W aNovel Fiksi a20230110133241 aJakartabGramedia Pustaka Utamac2011 aIndonesia a813 a256 hlm. :c20 cm. atext